[Event "Manresa"]
[Site "Manresa"]
[Date "1995.??.??"]
[Round "2"]
[White "Spraggett, Kevin"]
[Black "Pomes Marcet, Juan"]
[Result "1-0"]
[WhiteElo "2530"]
[BlackElo "2425"]
[Annotator "Romero Holmes"]
[PlyCount "111"]
[EventDate "1995.06.??"]
[EventType "tourn"]
[EventRounds "9"]
[EventCountry "ESP"]
[EventCategory "11"]
[SourceTitle "CBM 049"]
[Source "ChessBase"]
[SourceDate "1995.12.01"]
[SourceVersion "1"]
[SourceVersionDate "1995.12.01"]
[SourceQuality "1"]

1. e4 e6 2. d4 d5 3. Nc3 Bb4 4. exd5 exd5 5. Bd3 Nf6 (5... Nc6 6. a3 Bxc3+ 7.
bxc3 $14) 6. Bg5 h6 7. Bh4 Nc6 8. a3 (8. Nge2) 8... Be7 9. Nge2 O-O 10. O-O Nh5
11. Bxe7 Nxe7 12. Qd2 c6 {This profylactic move was not necessary. After the
natural 12...Bf5 black en- changes his "bad bishop", avoiding tactical
problems.} (12... Bf5 $5 13. Bxf5 Nxf5 14. g4 $6 Nh4 15. f4 Nf6 16. h3 Ne4 $1)
13. f3 $1 {Avoiding Bf5 and obtaining some game in black side} b6 14. Rae1 c5
15. b3 Bb7 16. g4 $1 Nf6 17. Ng3 {Like in similar situations, this expansion
is justified in the closed position of the center.} cxd4 $2 (17... Nc6 {
This move was better, keeping the tension in the center.} 18. Nce2 Re8) 18. Nb5
Ba6 19. Nxd4 Bxd3 20. Qxd3 $16 Ng6 21. Ngf5 Qc7 22. Qd2 {xf4} Rfe8 23. Kh1 Qf4
24. Qxf4 Nxf4 25. h4 h5 $2 {Very passive. Now black will get no counterplay.}
26. g5 Nd7 27. Kh2 Nc5 28. Kg3 Nfe6 29. Nc6 $1 {The first step. Black problem
is the isolated pawn.} Nc7 30. Nd6 $1 $18 {White nights control the center of
the board. A funny position.} Re6 31. Rxe6 fxe6 32. b4 Nd7 33. Re1 g6 34. c4 {
Opening a column for the white rook.} dxc4 35. Nxc4 Nf8 36. Nd6 Kg7 37. Rc1 Nd5
38. Re1 a6 39. Nd4 Nc7 40. Rc1 Nd5 41. Re1 Nc7 42. Nc6 Nd5 43. f4 {Beginning
the correct plan, introducing the king in the fight. Black rook stil l has no
move!} Kg8 44. Kf3 Kg7 45. Nd4 Nc7 46. Rc1 Nd5 47. Ke4 Rd8 48. Rc6 {
Threatening Ne6} a5 49. b5 Kg8 50. Nxe6 Nxe6 51. Kxd5 Nxf4+ 52. Ke4 Ng2 53.
Rxb6 Nxh4 54. Rc6 Rf8 55. b6 Nf3 56. b7 1-0

[Event "Moscow Aeroflot op-A 15th"]
[Site "Moscow"]
[Date "2016.03.03"]
[Round "3"]
[White "Aravindh, Chithambaram VR"]
[Black "Anton Guijarro, David"]
[Result "1-0"]
[WhiteElo "2506"]
[BlackElo "2641"]
[Annotator "Sadorra,J"]
[PlyCount "53"]
[EventDate "2016.03.01"]
[EventType "swiss"]
[EventRounds "9"]
[EventCountry "RUS"]
[SourceTitle "CBM 172"]
[Source "ChessBase"]
[SourceDate "2016.05.12"]
[SourceVersion "1"]
[SourceVersionDate "2016.05.12"]
[SourceQuality "1"]

1. e4 e6 2. d4 d5 3. Bd3 {This is a good surprise line against the French, and
even a few GMs have been using it regularly recently, for example V. Onischuk,
Kovalenko & Ponkratov. Though it may not be a serious way for White to obtain
an edge from the opening, it's an effective way to get a playable & fighting
position as this game shows!} dxe4 4. Bxe4 Nf6 5. Bf3 c5 ({Another way for
Black to equalise from the opening is} 5... Nbd7 $5 6. Ne2 e5) 6. Ne2 Be7 ({
Another good move is} 6... Nc6 7. Be3 e5 $1 8. Bxc6+ bxc6 9. dxe5 Qxd1+ 10.
Kxd1 Ng4 {and Black is already doing fine} 11. Nd2 Nxe5 12. Re1 Ba6 13. Nc3
O-O-O 14. Bg5 f6 15. Rxe5 Bd6 16. Re6 fxg5 17. Nde4 Be5+ {0-1 (17) Khanin,S 
(2407)-Sibashvili,G (2361) Kirishi RUS 2015}) 7. Nbc3 O-O 8. O-O (8. Be3 Qa5 $1
9. a3 Rd8 10. Qb1 (10. O-O Nc6 $36) 10... Nc6 $15 {0-1 (40) Kovalenko,I (2621)
-Ponkratov,P (2605) Izhevsk 2013}) 8... Qa5 $6 {It's possible that David is
familiar with the Kovalenko-Ponkratov game since he played analogously here,
or at least his idea was to place his rook on d8.} (8... Nc6 {is natural and
better} 9. Be3 cxd4 10. Nxd4 Ne5 $11 11. Be2 Qc7 $1 12. Qc1 Neg4 (12... a6 $5
13. Bf4 Bd6) 13. Bf4 e5 14. Bg3 Nh5 {0-1 (54) Lutsenko,A (2026)-Lomasov,S 
(2344) Moscow 2016; and Black is slowly taking over.}) 9. Bd2 $1 {This normal
move is probably what Black underestimated as now the placement of his Q
becomes the source of all his problems.} Qa6 (9... Qc7 10. Bf4) (9... Nc6 10.
Nd5 Qd8 11. Nxe7+ Qxe7 12. dxc5 Qxc5 13. Be3 $14) 10. a4 $1 Nc6 (10... Bd7 {
is met by the energetic} 11. Nb5 $1 Bxb5 12. axb5 Qxb5 13. Nc3 $36) 11. Nb5 Qb6
12. Bf4 $1 {After a few moves clearly it is White who benefited the most from
Black's wandering Q-move on the queenside.} Ne8 13. c4 $1 {A nice prophylactic
move (vs. a6) while introducing a4-a5 ideas in the future. Black's position is
difficult and it seems most logical to kick away the N on b5.} ({Also
interesting is} 13. c3 $5 {solidifying the centre, in anticipation of} a6 14.
Na3 cxd4 15. Nxd4 Nxd4 16. Qxd4 $1 Qxd4 17. cxd4 $16 {and Black's queenside is
too weak.}) 13... a6 14. a5 Nxa5 15. dxc5 Bxc5 16. b4 $1 {I'm sure Aravindh
foresaw this before playing c2-c4 as almost all of the previous moves are
forced.} Nxc4 (16... Bxb4 17. Be3 $18) 17. bxc5 Qxb5 18. Qd4 $1 {[%csl Gd4]
[%cal Gd4c5,Gd4d8,Gd4g7,Gd4c4,Gc5b6] centralisation at its best.} e5 {This
freeing move just comes a little too late.} 19. Bxe5 (19. Nc3 $142 $1 Qb3 (
19... exd4 20. Nxb5 Nf6 21. Nc7 Rb8 (21... Ra7 22. Ra4) 22. Nd5 $16) 20. Bxe5
Nxe5 21. Qxe5 Nf6 22. Nd5 Nxd5 23. Bxd5 Qb5 24. Rab1 $16) 19... Nxe5 20. Qxe5
Nf6 21. Nc3 Qe8 ({A more stubborn try is} 21... Re8 $5 22. Qd4 (22. Qg5 Qb4 $13
) (22. Nxb5 Rxe5 23. Nc7 Rb8 24. Rab1 Bf5 $1) 22... Qd7 23. Qf4 $1 {preventing
...Qc7} (23. Qc4 Qc7) 23... Qe6 {White is better but Black is still fighting.})
22. Qxe8 Rxe8 23. c6 $1 {Opening up the game is almost always the best way to
take advantage of superior development or piece activity.} Rb8 (23... bxc6 24.
Bxc6 $16) 24. c7 $18 Ra8 25. Rfd1 Bd7 26. Bxb7 Ra7 27. Rxd7 {Impressive and
energetic play from the young Indian grandmaster!} 1-0

[Event "Olympiad-42"]
[Site "Baku"]
[Date "2016.09.08"]
[Round "6.1"]
[White "Carlsen, Magnus"]
[Black "Sadorra, Julio Catalino"]
[Result "1/2-1/2"]
[WhiteElo "2857"]
[BlackElo "2560"]
[Annotator "Sadorra,J"]
[PlyCount "82"]
[EventDate "2016.09.02"]
[EventType "team-swiss"]
[EventRounds "11"]
[EventCountry "AZE"]
[SourceTitle "CBM 175"]
[Source "ChessBase"]
[SourceDate "2016.11.10"]
[SourceVersion "1"]
[SourceVersionDate "2016.11.10"]
[SourceQuality "1"]
[WhiteTeam "Norway"]
[BlackTeam "Philippines"]
[WhiteTeamCountry "NOR"]
[BlackTeamCountry "PHI"]

{This was both the most important and enjoyable game that I've ever played so
far in my professional career since I became a grandmaster. Fortunately for me
and my team, there was a rest day before this match so we had ample time to
prepare and relax. Without further ado, let's see how my prep and the game
played out.} 1. e4 e6 2. Nf3 {A surprise, taking me out of the prep work.} d5
3. exd5 $5 {This next one is also unexpected but it didn't affect me that much.
} exd5 4. d4 Bd6 5. c4 Nf6 6. c5 $5 {Taking the game to non-standard paths.
"You have to know theory to play no-theory."} Be7 7. Nc3 O-O ({Maybe a better
try is} 7... b6 {right away} 8. cxb6 (8. b4 $2 a5) 8... axb6 9. Bd3 O-O 10. O-O
c5 {leading to a complex middlegame where Black has good central control.}) 8.
Be3 $1 {Accurate, making b4 work.} b6 9. b4 a5 10. a3 Ng4 $5 {Asking him
questions before he gets to play natural moves & complete development.} 11. Bf4
Re8 $1 ({My intial intention was} 11... axb4 {but after checking} 12. axb4 Rxa1
13. Qxa1 Re8 {I realised that this does not work due to} 14. Bb5 $1 c6 15. Be2
$16 {[%csl Rb8]}) 12. Be2 axb4 13. axb4 ({I also had to check} 13. Nb5 {
but I thought I was fine as soon as I saw the useful tactics} Ba6 14. Nxc7 (14.
Bxc7 Qd7) 14... Bh4 $1 15. Nxe8 Nxf2 {should at least give me good counterplay
in this complex position.}) 13... Rxa1 14. Qxa1 bxc5 ({Otherwise, I will get
squeezed on the queenside! e.g.} 14... Nc6 15. Qa4 $1) 15. bxc5 Bxc5 $1 16.
dxc5 d4 17. O-O dxc3 18. Bc4 $1 {Played quickly, suggesting that he foresaw or
expected all this.} c2 $1 19. Qa4 Bf5 {Keeping my passed pawn will put him
under pressure, so when I saw I could work it out concretely, I went for it!}
20. Nd4 ({Of course the premise on which my idea was based was} 20. Bxc7 Qd7
21. Bb5 Qxc7 22. Bxe8 Qxc5 23. Qf4 (23. Qa1 Nxf2 $1 $19) 23... Nxf2 24. Nd4 Nd3
{and I thought I should be winning here.}) 20... Bg6 21. Nxc2 {Now that he's
won back his pawn, I try to take away one of his trumps - the bishop pair.} Re4
22. Bg3 Ne5 23. Bxe5 Rxe5 24. Ne3 $5 ({I thought another possible move was} 24.
Nd4 $5 {but it's difficult to work out the significant difference otb.}) ({
If he played} 24. c6 {I was preparing to hold the balance with either} Rc5 ({or
} 24... Qe8 $5) 25. Nd4 h6 $11 {and I felt that White is actually the one who
had to be more careful as his c6-pawn will be weak till the endgame.}) 24...
Rxc5 25. f4 h6 26. Qb4 Nd7 $1 {"You can't bluff me!"} 27. f5 ({Players could
be put off by the pin after} 27. Rd1 {but I foresaw a simple but important
counter-attacking idea} Qe8 $1) 27... Bh5 28. Qd2 ({The consequences of} 28. g4
Qg5 {are difficult to work out otb but I knew for sure that it's riskier for
White as his king is more exposed, not to mention the fact that he's already a
pawn down...}) 28... Qg5 29. Qd4 Re5 30. Qxd7 Qxe3+ 31. Kh1 Qc5 ({A better try
was} 31... Qc3 {as Magnus correctly pointed out after the game} 32. Qxc7 Kh7 $1
{and the pin is decisive.}) 32. Qd3 Re3 33. Qc2 Qe5 (33... Qd4 34. Rc1) 34. Qd2
$1 Kh7 35. h3 {Around this time, I only had a few minutes left and it was
annoying that I couldn't find a clear way to break through the defence and
increase my advantage. In retrospect, I can now say from experience that World
Champs indeed possess great defensive skills including the current one!} Qe4
36. Kg1 c6 $5 {Preventing Bd5 and an attempt to keep the position under
control but Magnus keeps playing the best defensive moves.} (36... f6 $142 $1
37. Qd8 Be8 38. Qxc7 Bc6 39. Rf2 Qxc4 $19) 37. Rc1 $1 Qe5 38. Bf1 Rg3 39. Qf2
Qd6 ({With only a minute on the clock, I was thinking about} 39... Bf3 {
but realised it loses to} 40. Re1 $1 (40. Rc3 Qxc3 41. Qxg3 Qd4+ $19) 40... Qd6
41. Re3 $18 {and suddenly it's White that wins!}) 40. Rc4 f6 41. Rxc6 {With
nothing to play for, Magnus offered a draw and I agreed.} Qxc6 {Although I was
disappointed in not converting my advantage, I had every reason to be happy to
achieve a fighting draw against the World Champion and to help my team pull an
upset 2-2 against the formidable Norwegian team!} 1/2-1/2

[Event "Gibraltar Masters 16th"]
[Site "Caleta"]
[Date "2018.01.27"]
[Round "5"]
[White "Howell, David"]
[Black "Svane, Rasmus"]
[Result "1-0"]
[WhiteElo "2682"]
[BlackElo "2595"]
[Annotator "Sadorra,J"]
[PlyCount "81"]
[EventDate "2018.01.23"]
[EventType "swiss"]
[EventRounds "10"]
[EventCountry "GGB"]
[SourceTitle "CBM 183"]
[Source "ChessBase"]
[SourceDate "2018.03.14"]
[SourceVersion "1"]
[SourceVersionDate "2018.03.14"]
[SourceQuality "1"]

1. e4 e6 2. d4 d5 3. exd5 $5 {According to his post-game interview, David
Howell wanted to take the game away from theoretically double-edged positions
in which his opponent excels.} exd5 4. Nf3 Nf6 5. Bd3 {Once again, taking the
game to simpler positions where the more experienced player will gain the
upper hand.} (5. c4 {is more popular and ambitious leading to IQP middlegames.}
) 5... Bd6 6. Qe2+ {This check variation has been gaining in popularity lately
and has put Black under long-term pressure in the ending. Here's a few sample
high-level games:} Be7 (6... Qe7 7. Qxe7+ Bxe7 8. O-O O-O 9. Re1 Re8 10. Bf4 c6
11. Nbd2 Nbd7 (11... Bg4 12. Ne5 Be6 13. Nb3 a5 14. Nc5 Bxc5 15. dxc5 Nbd7 16.
Nxd7 Bxd7 17. f3 $16 {1-0 (33) Carlsen,M (2838)-Meier,G (2630) chess.com INT
2017}) 12. h3 Nb6 13. a4 $1 Be6 (13... a5 14. Bc7 Nbd7 15. c3 b6 (15... Nf8 16.
Nb3 $16) 16. Re3 $14 {[%cal Gf3e5,Ga1e1,Gg2g4]}) 14. Ng5 Bd7 15. a5 Nc8 16.
Ngf3 a6 (16... Nd6 $4 17. Rxe7 Rxe7 18. Bxd6 $18) 17. Nb3 Na7 18. Nc5 Bxc5 19.
dxc5 $14 {1/2-1/2 (55) Hracek,Z (2612)-Andreikin,D (2723) Minsk BLR 2017.
Black has a daunting defensive task ahead of him.}) 7. O-O O-O {This
symmetrical structure can also arise from the Petroff and Berlin Defences (6.
Bf1 instead of 6.Bxc6).} 8. Re1 Nc6 ({A more natural move and possibly better
move order is} 8... Re8 9. Bg5 Bd7 (9... Be6 $5 10. Nbd2 Nbd7 11. c3 Bd6 12.
Qf1 c6 $11 {and I don't see how White can cause Black any problems here.}) 10.
Qd1 h6 11. Bh4 Nc6 12. c3 Nh5 $1 $11 {0-1 (55) Hovhannisyan,R (2611)-Anton
Guijarro,D (2626) Martuni 2015}) 9. c3 Re8 10. Bg5 Bg4 11. h3 Bh5 12. Nbd2 a6
$6 {This type of play is "Too slow" according to Howell. In fact, the
weakening it creates on the queenside will also be an influential factor in
the evaluation of some possible lines later in the game. But overall, I think
Black underestimated White's plan of improving his position as will be seen in
the next few moves.} ({A better continuation is} 12... h6 13. Bxf6 (13. Bh4 {
This simple retreat could be what Black was worried about, but the forcing
lines, though risky-looking, favour Black in the end:} g5 $1 (13... Bf8 14. Qf1
$36) 14. Bg3 (14. g4 gxh4 15. gxh5 Ba3 $1 16. Ne5 Bxb2 $1 (16... Nxe5 $2 17.
dxe5 Bxb2 18. Qe3 Bxa1 19. Kh1 $40) 17. Kh1 Bxa1 18. Rg1+ Kf8 19. Qe3 Re6 $1 (
19... Bxc3 20. Qxh6+ Ke7 21. Nxc6+ bxc6 22. Re1+ $132) 20. Qxh6+ Ke7 {and
White's compensation is questionable.} 21. Nxf7 Qf8 $1 22. Rg7 Re8 $17) 14...
Ba3 $17) 13... Bxf6 14. Qf1 {The same approach to the game. Here, Black seems
to have enough resources to defend and fully equalise with natural moves} (14.
Qxe8+ Qxe8 15. Rxe8+ Rxe8 $11 16. g4 Bg6 17. Bxg6 fxg6 {doesn't gain White
anything as he cannot exploit Black's doubled pawns.}) 14... Qd7 15. g4 (15.
Bb5 Rad8 16. Ne5 Bxe5 17. dxe5 a6 18. Bxc6 Qxc6 19. f4 {Black has his fair
share of chances in this complex middlegame.} Qb6+ (19... Bg6 $5) 20. Qf2 Qxb2
21. Rab1 Qxc3 22. Rec1 Qa3 23. Rxc7 Rc8 $11) 15... Bg6 16. Bxg6 fxg6 17. Qd3 (
17. Qb5 Rf8 $1 {White is not making a real threat so it's best to start
creating counterplay.} (17... b6 $6 {Weakening squares is unecessary.} 18. Re3
$1 {[%cal Ga1e1]} Rxe3 19. fxe3 a6 20. Qd3 g5 (20... Qf7 21. e4 $1) 21. e4 $1
$36) 18. Re3 (18. Qxb7 Rab8 19. Qa6 Rxb2) 18... a6 19. Qd3 Qf7 20. Rae1 Rae8
$11 {and Black is holding.}) 17... g5 (17... Qf7 18. Qb5 {could get annoying.})
18. Re3 Rxe3 19. fxe3 Ne7 20. Kg2 (20. e4 $2 Ng6 $36 {[%csl Rf4]}) 20... c6 21.
Rf1 Rf8 $11) 13. Qf1 $1 Bg6 14. Re3 Nh5 (14... Bxd3 15. Qxd3 Qd7 16. Rae1 h6 {
Inviting some exchanges. What else can Black do?} 17. Bf4 $1 {Keeping more
pieces to keep Black cramped.} (17. Bxf6 $5 Bxf6 18. Nb3 {Now due to a6 it's a
bit difficult to cover c5.} Rxe3 19. Qxe3 b6 {Black is still worse but could
most likely hold.}) 17... Bd6 18. Ne5 $14) 15. Rae1 Qd7 16. Bxe7 Rxe7 17. Rxe7
Nxe7 18. Ne5 $14 {Now White has increased his edge as his pieces are clearly
superior to their counterparts.} Qd6 19. Ndf3 Nf4 20. Nxg6 $1 {White's bishop
will prove more useful in the long run.} hxg6 21. Bc2 Qf6 22. h4 $1 {Creating
an outpost or entry square for the knight on g5.} Nf5 {Preventing the knight
jump to g5.} 23. g3 (23. Ng5 Nxh4) 23... Ne6 24. Qd3 Nd6 25. Ne5 (25. h5 {
Looks pretty good and straightforward but things are not so easy after} Ne4 26.
hxg6 N6g5 $1 27. Kg2 (27. gxf7+ $6 Qxf7 {[%csl Rf2,Rf3][%cal Ga8f8,Rf8f2]})
27... Rf8 $132 {Black can get serious counterplay on the f-file.}) 25... Nf8 (
25... Re8 26. h5 {Now this works because of} Ne4 27. f3 $1 Nxg3 28. hxg6 fxg6
29. Qxg6 $18) 26. Ng4 Qd8 {White has made another huge improvement in his
position. Now that Black's pieces are warded off, White prepares a kingside
breakthrough.} 27. Kg2 Qd7 28. Qf3 Re8 ({Black has no time for} 28... c6 29. h5
gxh5 30. Ne5 $40) 29. Ne5 (29. Rxe8 Nxe8 {Black covers d5 in time.}) 29... Qb5
(29... Qe6 30. Nd3 Qd7 31. Qxd5 {wins a pawn for nothing.}) 30. b3 {Simple and
effective.} ({More energetic was} 30. b4 $1 {threatening to win the d5 pawn
with a2-a4!} c6 {White to play**********************************************} (
30... f6 31. a4 Qb6 32. Qxd5+ $18) (30... Re6 31. a4 Qe8 32. Qxd5 c6 (32... f6
33. Nxg6) 33. Qa2 $1 $18 {[%cal Gc2b3,Ga2g8]}) 31. Rh1 $1 {A nice, patient
attacking move! Black is helpless against the threat of h4-h5.} (31. h5 gxh5
32. Qxh5 Re6 {and Black can still put up resistance e.g.} 33. Rh1 (33. Nxf7 $4
Rxe1 34. Nxd6 Qf1+ 35. Kh2 Qh1#) 33... Rh6 $13) 31... Re6 (31... f6 32. Nxg6) (
31... f5 32. h5 gxh5 33. Qxh5) 32. h5 gxh5 33. Rxh5 {[%cal Gf3g4,Gg4h4]} g6 34.
Rh1 {[%cal Gf3g4,Gg4h4] with the plan of transferring the queen to the h-file.}
f5 35. g4 $1 $18 {[%csl Rh8][%cal Gf3h3,Rh3h8]}) 30... Qa5 (30... Re6 31. a4
Qa5 (31... Qe8 32. Qxd5 c6 33. Qc5 f6 34. Nd3 Ne4 35. Qb4 $16) 32. b4 Qb6 33.
Qxd5) 31. a4 {Black's queen is now out of action.} c6 32. h5 (32. Rh1 $1 {
is also strong here as seen in lines under 30. b4.}) 32... gxh5 33. Qxh5 f6 (
33... Re6 {is a more stubborn defence.}) 34. Nc4 $5 {Very practical but may be
a tad too simple, but nevertheless enough to win!} (34. Ng6 $1 {was a matter
of clearly calculating forcing lines leading to a win for White.} Qd8 (34...
Nxg6 35. Rxe8+ Nxe8 36. Bxg6 Nd6 37. Qh7+ Kf8 38. Qh8+ Ke7 39. Qxg7+ $18) (
34... Rxe1 35. Qh8+ Kf7 36. Qxf8+ Ke6 37. Qe7#) 35. Qh8+ Kf7 36. Nxf8 Rxe1 (
36... Rxf8 37. Qh5+ Kg8 38. Qh7+ Kf7 39. Bg6#) 37. Bg6+ Ke7 38. Qxg7+ Nf7 39.
Qxf7+ $18 {Somewhere in one of the lines here, David was missing a strong move
that's why he decided to go the safe and solid way to convert his advantage.})
34... Qc7 ({Of course the engine is screaming several pluses but looking at
this on the board, I think White still has to be very accurate after} 34... Qd8
$1 35. Nxd6 Rxe1 36. Qf7+ Kh8 37. Nf5 Ne6 38. Qg6 $1 {An important silent
killer.} Qd7 (38... Qg8 39. Nh6 gxh6 40. Qxh6+) 39. Ne7 $1 Ng5 40. Qh5+ Nh7 41.
Qxh7#) 35. Rxe8 Nxe8 36. Qxe8 dxc4 37. bxc4 $18 {The endgame is winning for
White as Black has neither compensation nor a shred of counterplay.} Qd7 38.
Qxd7 Nxd7 39. c5 b5 40. Bf5 Nb8 41. a5 {Black finally resigns.} 1-0